| 000 | 00747nam a2200241Ia 4500 | ||
|---|---|---|---|
| 003 | OSt | ||
| 005 | 20220925223941.0 | ||
| 006 | a|||||r|||| 00| 0 | ||
| 007 | ta | ||
| 008 | 220923b |||||||| |||| 00| 0 eng d | ||
| 020 |
_a9781138804081 _c8036.05 |
||
| 037 |
_b39, 23/02/2017, Better Book Service _cGeneral Book |
||
| 040 |
_aRTL _cRTL _beng |
||
| 041 |
_2eng _aeng |
||
| 082 | _aU6, Q6 | ||
| 100 |
_aHUDSON Ray _993910 |
||
| 245 | 0 |
_aApproaches to Economic Geography _b Towards a geographical political economy |
|
| 260 |
_aLondon _bRoutledge _c2016 |
||
| 300 |
_axvii,261p. _ccm. |
||
| 650 | _aGeography | ||
| 942 |
_hU6, Q6 _cGB _2CC |
||
| 999 |
_c580677 _d580677 |
||